000 00698nam a22001937a 4500
005 20251108164326.0
008 250721s1988 xx 000 0 ara d
082 1 4 _a219.9/عرب
100 1 _aالمالكي، أبو بكر بن العربي
245 1 0 _aالعواصم من القواصم في تحقيق مواقف الصحابه بعد وفاة النبي صلى الله عليه و سلم /
250 _aط5.
264 1 _aالقاهره :
_bمكتبة السنه،
_c1988.
300 _a287ص.
650 1 7 _aالسيرة النبوية
650 1 7 _aالصحابة و التابعون
700 1 _aالخطيب، محب الدين
_eتحقيق
942 _2ddc
_cBK
999 _c9395
_d9395